Estabilización de suelos mediante el uso de emulsiones asfálticas

Guardado en:
Bibliografiske detaljer
Hovedforfatter: Leitón Soubannier, Roberto
Format: Ukendt
Sprog:Spanish
Udgivet: [San José, Costa Rica] 1969
Fag:
Tags: Tilføj Tag
Ingen Tags, Vær først til at tagge denne postø!

MARC

LEADER 00000 a2200000 4500
003 011304
005 20221231143814.0
008 140114s1969 c a m 000 ||spa d
040 |c cru CEDI 
090 |a TFG 365 
100 |a Leitón Soubannier, Roberto  |9 17824 
245 |a Estabilización de suelos mediante el uso de emulsiones asfálticas 
260 |c 1969  |a [San José, Costa Rica] 
300 |a  91 hojas : cuadros, gráficos ; 28 cm  
500 |a  Tesis (Ingeniero Civil) Universidad de Costa Rica  
650 |x ESTABILIZACION DE SUELOS  |9 17825 
942 |c TFG 
999 |c 12260  |d 12260